Movies Quiz

Random Movies or Numbers Quiz

Oscar Winner Connections Quiz Stats

Quiz Updated Oct 28, 2016

Challenge
Share
Tweet
Embed
Score 0/54 Timer 08:00
7 Plays Today
Number Answer % Correct
Seven (1991)Julia Roberts
95.1%
Four (2008)Julia Roberts
95.1%
Seven (1991)Dustin Hoffman
89%
Five (1976)Dustin Hoffman
89%
Seven (1991)Robin Williams
86.4%
Six (2006)Matt Damon
85.7%
Six (2006)Robert De Niro
83%
Four (1991)Robert De Niro
83%
Four (2008)Tom Hanks
81%
Four (2008)Philip Seymour Hoffman
79.8%
Seven (1991)Steven Spielberg
79.4%
Four (2004)Denzel Washington
75.3%
Four (1992)Kevin Spacey
74.6%
Seven (1991)Gwyneth Paltrow
74%
Four (1992)Al Pacino
71.5%
Seven (1991 again!)Kevin Costner
68%
Seven (1991 again!)Joe Pesci
66.1%
Six (2006)Joe Pesci
66.1%
Six (2006)Angelina Jolie
66.1%
Seven (1991 again!)Tommy Lee Jones
65.8%
Four (2004)Meryl Streep
65%
Four (1987)Nicolas Cage
61.9%
Four (1991)Gregory Peck
56.2%
Seven (1991)Phil Collins
55.6%
Four (1991)Martin Scorsese
54.6%
Seven (1991 again!)Oliver Stone
50.7%
Seven (1991 again!)Sissy Spacek
46.9%
Number Answer % Correct
Four (1987)The Coen Brothers
46.8%
Four (1987)Frances McDormand
44.9%
Four (1987)Holly Hunter
42.4%
Four (1992)Alan Arkin
41.4%
Seven (1991)Hook
40.3%
Four (1987)Raising Arizona
34.3%
Four (2008)Charlie Wilson's War
33.9%
Five (1976)Robert Redford
33.1%
Seven (1991 again!)JFK
32.3%
Seven (1991)Dame Maggie Smith
31.9%
Seven (1991 again!)Jack Lemmon
28.7%
Four (1992)Jack Lemmon
28.7%
Six (2006)William Hurt
27.9%
Five (1976)F. Murray Abraham
27.4%
Four (2004)Jonathan Demme
26.8%
Four (2008)Mike Nichols
26.6%
Six (2006)Timothy Hutton
25.9%
Four (2004)Jon Voight
25.3%
Four (1991)Jessica Lange
21.9%
Four (1991)Cape Fear (1991 remake)
20.1%
Four (1992)Glengarry Glen Ross
18.8%
Five (1976)All The President's Men
18.4%
Six (2006)The Good Shepherd
17.2%
Seven (1991 again!)Walter Matthau
15.1%
Five (1976)Jason Robards
13.9%
Four (2004)The Manchurian Candidate (2004 remake)
13.6%
Five (1976)Martin Balsam
5.4%

You're not logged in!

Compare scores with friends on all Sporcle quizzes.
Sign Up with Email
OR
Log In

You Might Also Like...

Show Comments

Extras

Top Quizzes Today


Score Distribution

Your Account Isn't Verified!

In order to create a playlist on Sporcle, you need to verify the email address you used during registration. Go to your Sporcle Settings to finish the process.